000 00509nam a2200217Ia 4500
008 170918s9999 xx 000 0 und d
020 _a9781423101482
050 _bR586ti 2007
100 _aRiordan, Rick
245 4 _aThe titan's curse /
245 _cby Rick Riordan.
260 _aNew York :
260 _bDisney,
260 _c2007
300 _a312 pages :
300 _billustrations ;
300 _c19cm.
300 _ePercy Jackson and the Olympians ;
440 _a3
500 _a630
999 _c344055
_d344055